000 00478nam a2200121Ia 4500
008 220615s9999||||xx |||||||||||||| ||und||
100 _aDiofantos G. Hadjimitsis
245 0 _aRemote Sensing of Environment - Integrated Approaches
546 _aEnglish[eng]
650 _aEngineering||Physical Sciences||Engineering and Technology||Civil Engineering||Remote Sensing
856 _uhttps://www.intechopen.com/books/remote-sensing-of-environment-integrated-approaches
942 _cEB
999 _c10548
_d10548